Facebooková (ne)závislost : identita, interakce a uživatelská kariéra na Facebooku /

Hlavní autor: Pospíšilová, Marie, 1987-
Jazyk: Čeština
Vydáno: Praha : Univerzita Karlova, nakladatelství Karolinum, 2016
Vydání: První vydání
Témata:
Fyzický popis: 136 stran ; 21 cm
Language note: Anglické resumé
Knihy
Uloženo v:
LEADER 02277nam a2200589 i 4500
001 nkc20162840659
003 CZ PrNK
005 20190808132540.0
007 ta
008 161012s2016 xr f 000 0 cze
015 |a cnb002840659 
020 |a 978-80-246-3306-0  |q (brožováno) 
035 |a (OCoLC)972611686 
040 |a ABA001  |b cze  |e rda 
041 0 |a cze  |b eng 
072 7 |a 316.4/.7  |x Sociální interakce. Sociální komunikace  |2 Konspekt  |9 18 
080 |a 004.738.5:316.472.4  |2 MRF 
080 |a 316.454.54  |2 MRF 
080 |a 159.923.2  |2 MRF 
080 |a 316.454.54:[123.1+342.721]  |2 MRF 
080 |a (048.8)  |2 MRF 
100 1 |a Pospíšilová, Marie,  |d 1987-  |7 jo2017938947  |4 aut 
245 1 0 |a Facebooková (ne)závislost :  |b identita, interakce a uživatelská kariéra na Facebooku /  |c Marie Pospíšilová 
246 3 |a Facebooková závislost 
250 |a První vydání 
264 1 |a Praha :  |b Univerzita Karlova, nakladatelství Karolinum,  |c 2016 
300 |a 136 stran ;  |c 21 cm 
336 |a text  |b txt  |2 rdacontent 
337 |a bez média  |b n  |2 rdamedia 
338 |a svazek  |b nc  |2 rdacarrier 
504 |a Obsahuje bibliografii a bibliografické odkazy 
546 |a Anglické resumé 
650 0 7 |a Facebook  |7 ph567279  |2 czenas 
650 0 7 |a internetové sociální sítě  |7 ph553933  |2 czenas 
650 0 7 |a sociální interakce  |7 ph125790  |2 czenas 
650 0 7 |a identita  |7 ph121025  |2 czenas 
650 0 7 |a soukromí  |7 ph921397  |2 czenas 
650 0 9 |a Facebook  |2 eczenas 
650 0 9 |a Internet social networks  |2 eczenas 
650 0 9 |a social interaction  |2 eczenas 
650 0 9 |a identity  |2 eczenas 
650 0 9 |a privacy  |2 eczenas 
655 7 |a monografie  |7 fd132842  |2 czenas 
655 9 |a monographs  |2 eczenas 
910 2 |a BOA001  |b 2-1382.549 
928 9 |a Karolinum 
990 |a BK 
995 |a 01 
996 6 |b 2610697554  |c 2-1382.549  |l MZK  |r Sklad / do 1 hodiny  |n 20  |p p.v.  |w 001598340  |u 000010  |a 1  |e BOA001  |j MZK50  |s P 
996 7 |b 2610697671  |c 2-1382.549  |l MZK  |r Sklad / do 1 hodiny  |n 16  |p kup  |w 001598340  |u 000020  |a 1  |e BOA001  |j MZK50  |s A 
996 7 |b 2610791272  |c 2-1382.549  |l MZK  |r Sklad / do 1 hodiny  |n 7  |p kup  |w 001598340  |u 000030  |a 1  |e BOA001  |j MZK50  |s A 
996 7 |b 2610791273  |c 2-1382.549  |l MZK  |r Sklad / do 1 hodiny  |n 6  |p kup  |w 001598340  |u 000040  |a 1  |e BOA001  |j MZK50  |s A